Fr. Conceicao Rodrigues College of Engineering

Workshop Technology (Record no. 19360)

MARC details
000 -LEADER
fixed length control field 00274nam a2200133Ia 4500
100 ## - MAIN ENTRY--PERSONAL NAME
Personal name Choudhury/ Hajra
245 ## - TITLE STATEMENT
Title Workshop Technology
260 ## - PUBLICATION, DISTRIBUTION, ETC.
Name of publisher, distributor, etc. MPP Pvt Ltd
Place of publication, distribution, etc. Bombay
Date of publication, distribution, etc. 1980
300 ## - PHYSICAL DESCRIPTION
Extent 657
546 ## - LANGUAGE NOTE
Language note ENGLISH
654 ## - SUBJECT ADDED ENTRY--FACETED TOPICAL TERMS
Focus term Workshop
942 ## - ADDED ENTRY ELEMENTS (KOHA)
Koha item type BOOK
Holdings
Withdrawn status Lost status Damaged status Not for loan Collection Home library Current library Date acquired Total Checkouts Full call number Barcode Date last seen Price effective from Koha item type
        PT Fr. Agnel's C.Rodrigues College of Engineering Fr. Agnel's C.Rodrigues College of Engineering 17/03/2023   PT286 17/03/2023 17/03/2023 BOOK
        PT Fr. Agnel's C.Rodrigues College of Engineering Fr. Agnel's C.Rodrigues College of Engineering 17/03/2023   PT290 17/03/2023 17/03/2023 BOOK